| 000 | 00731nam a22002177a 4500 | ||
|---|---|---|---|
| 999 |
_c11652 _d11652 |
||
| 003 | AR-CdUCM | ||
| 008 | 190403b ||||| |||| 00| 0 spa d | ||
| 040 |
_aMUNICIPALIDAD PROVINCIAL DEL CUSCO _cBIBLIOTECA MUNICIPAL DEL CUSCO |
||
| 082 |
_aES / 036 / _bSA16 _23ed. |
||
| 100 |
_aMandel, Muriel _929116 |
||
| 245 | _aFisica Recreativa / | ||
| 260 |
_aMadrid : _bEdiciones Monte Esquinza, _bEdiciones Santillana, _c1962. |
||
| 300 |
_a111 paginas ; _bilustraciones, graficos, dibujos, _c21 cm. |
||
| 500 | _aEnciclopedia de las aficiones | ||
| 650 |
_aManualidades _915530 |
||
| 650 |
_aTrabajos a mano _928443 |
||
| 650 |
_aTexto educativo _925832 |
||
| 650 |
_afisica _92382 |
||
| 942 |
_2ddc _cLIBROS |
||
| 945 |
_apjha _d2019-04-04 |
||